| 000 | 00569nam a2200217 a 4500 | ||
|---|---|---|---|
| 999 |
_c12222 _d12222 |
||
| 001 | 12222 | ||
| 003 | BD-JhCC | ||
| 005 | 20210427095133.0 | ||
| 008 | 210427b19401961enk |||| ||a| 000 0 eng d | ||
| 035 | _a(BD-JhCC)12222 | ||
| 040 |
_aBD-JhCC _dBD-JhCC |
||
| 041 | _aeng | ||
| 082 |
_a371.1209 _bDAN 1961 |
||
| 100 | _aDaniel, F | ||
| 245 |
_aGeneral Science For Tropical School / _cF. Daniel . |
||
| 260 |
_aLondon: _bOxford University Press; _c1961. |
||
| 300 |
_a197 .p : _c16 cm. |
||
| 650 |
_aScience teachers _xWashington |
||
| 942 |
_2ddc _cBK |
||